000 00965nas a2200313 4500
001 BR2012005373
003 BR-BrBNA
005 20231205120855.0
007 ta
008 230509b bl.|||p| |||| 00| 00por d
040 _aBR-BrBNA
_bpor
_cBiblioteca Nacional de Agricultura
041 _a(Pt)
072 _aF08; F01
100 1 _aBorghi, E.
100 1 _aCrusciol, C.A.C.
100 1 _aCosta, C.
100 1 _aMateus, G.P.
245 1 _aProdutividade e qualidade das forragens de milho e de Brachiaria brizantha em sistema de cultivo consorciado
650 _aMILHO
650 _aPLANTIO DIRETO
650 _aESPAÇAMENTO
650 _aCAPIM BRACHIARIA
650 _aCONSORCIAÇÃO DE CULTURA
650 _aFORRAGEM
650 _aPRODUTIVIDADE
773 0 _tRevista Brasileira de Milho e Sorgo (Brazil)
_xISSN 1676-689X
_g(Sep-Dec 2006), v. 5(3) p. 369-381
_wBR2012005373
909 _a202311
_bLúcia
_c55
_dLúcia Elande
942 _2AGRIS
_n0
_cANA
999 _c220744
_d220744